Statistics for Mal's Top 10 - 'Greenest' Least Polluted Cities in the World

Click here to take the quiz!

General Stats

  • This quiz has been taken 74 times
  • The average score is 6 of 10

Answer Stats

HintAnswer% Correct
10Oslo, Norway
91%
9Helsinki, Finland
87%
3Stockholm, Sweden
87%
1Copenhagen, Denmark
79%
2Amsterdam, Netherlands
64%
6Berlin, Germany
61%
4Vancouver, Canada
43%
8Singapore, Singapore
42%
5London, UK
37%
7New York, USA
21%

Score Distribution

Percentile by Number Answered

Percent of People with Each Score

Your Score History

You have not taken this quiz